Statistiques concernant Personnage mystère #35

Cliquez ici pour prendre le quiz!

Statistiques générales

  • Ce quiz a été pris 226 fois
  • Le résultat moyen est 6 sur 7

Statistiques - réponses

LettresIndices% Correct
TETIPEPetite
100%
RINOENoire
94%
ROUSSISouris
91%
GORUERouge
87%
THORSSShorts
74%
RICINAMAÉEAméricaine
67%
Nom du personnageMickey Mouse
64%

Distribution des résultats

Percentile par nombre de réponses

% des personnes avec chaque résultat

Votre développement - résultats

Vous n’avez pas pris ce quiz